000 00335 a2200157 4500
001 155657
040 _cEscola São Tomás de Aquino
100 _aTREVISAN, Dalton
240 1 0 _aDalton Trevisan
_lpor
245 1 0 _aDalton Trevisan
300 _a106
362 0 _a1981
440 1 _aAbril
697 _aGENERALIDADES
942 _cBK
999 _c155657
_d155657